000 00320nam a2200145Ia 4500
100 _aDhake A.M.
650 _aElectrical Engineering
942 _cBK
654 _atelevision
245 _aTelevision engineering
260 _bTata Mc Graw hill
_aNew Delhi
_c1979
300 _a462
546 _aENGLISH
999 _c34010
_d34010